| 000 | 00569nam a2200181Ia 4500 | ||
|---|---|---|---|
| 008 | 140626s9999 xx 000 0 und d | ||
| 100 | _aChintagunta, Pradeep.. | ||
| 245 |
_aNew drug diffusion when forward-looking physicians learn from patient feedback and detailing / _cPradeep Chintagunta ... [et al.]. |
||
| 260 | _cc2012. | ||
| 300 | _a49 : 6, page 807 | ||
| 440 | _aJournal of Marketing Research | ||
| 521 | _aBSBA | ||
| 650 | _aDynamic discrete choice. | ||
| 650 | _aLearning. | ||
| 650 | _aNew drug diffusion. | ||
| 650 | _aUncertainty. | ||
| 942 | _cSE | ||
| 999 |
_c121067 _d121067 |
||